[Event "4th Budapest Open"]
[Site "Budapest, Hungary"]
[Date "2014.08.19"]
[Round "4.25"]
[White "Liptak, Tibor"]
[Black "Ronyai, Imre"]
[Result "1-0"]
[WhiteElo "1827"]
[BlackElo "1540"]
[PlyCount "39"]
[EventDate "2014.??.??"]

1. e4 c5 2. Nf3 e6 3. Nc3 Nc6 4. Bb5 a6 5. Bxc6 bxc6 6. O-O Nf6 7. d4 cxd4 8.
Nxd4 c5 9. Nf3 Bb7 10. Re1 Qc7 11. e5 Nd5 12. Ne4 c4 13. Nfg5 Qxe5 14. Nxf7 Qc7
15. Nxh8 O-O-O 16. Nf7 Re8 17. Qh5 g6 18. Qxh7 Be7 19. Qxg6 Rf8 20. Bh6 1-0

[Event "4th Budapest Open"]
[Site "Budapest, Hungary"]
[Date "2014.08.19"]
[Round "4.26"]
[White "Lakatos, Tamas"]
[Black "Karacsonyi, Gellert"]
[Result "1/2-1/2"]
[WhiteElo "1555"]
[BlackElo "1806"]
[PlyCount "43"]
[EventDate "2014.??.??"]

1. e4 c5 2. Nf3 d6 3. Bb5+ Bd7 4. Bxd7+ Nxd7 5. O-O e6 6. c3 Be7 7. Re1 Ngf6 8.
d4 cxd4 9. cxd4 O-O 10. Nc3 e5 11. dxe5 dxe5 12. Bg5 Rc8 13. Rc1 h6 14. Bxf6
Bxf6 15. Nd5 Rxc1 16. Qxc1 Nb6 17. Nxf6+ Qxf6 18. Qc7 Qe6 19. Qxb7 Qxa2 20.
Nxe5 Qxb2 21. Qxa7 Qxe5 22. Qxb6 1/2-1/2

[Event "4th Budapest Open"]
[Site "Budapest, Hungary"]
[Date "2014.08.19"]
[Round "4.30"]
[White "Karacsonyi, Kata"]
[Black "Bartok, David Dominik"]
[Result "1-0"]
[WhiteElo "1377"]
[BlackElo "1492"]
[PlyCount "83"]
[EventDate "2014.??.??"]

1. e4 e5 2. Nf3 Nf6 3. d4 exd4 4. e5 Bb4+ 5. c3 dxc3 6. bxc3 O-O 7. cxb4 Qe7 8.
Be2 Ng4 9. O-O Nxe5 10. Bb2 Nxf3+ 11. Bxf3 Re8 12. Qd4 f6 13. Qc4+ Kh8 14. Qxc7
Na6 15. Qc3 Qxb4 16. Rd1 d6 17. Ba3 Qxc3 18. Nxc3 Nc7 19. Bxd6 Ne6 20. Bd5 a5
21. Nb5 Ra6 22. Bxe6 Rxe6 23. Nc7 Raxd6 24. Nxe6 Rxd1+ 25. Rxd1 Bxe6 26. Rd8+
Bg8 27. Rb8 h6 28. a3 Kh7 29. Rxb7 a4 30. Kf1 Kg6 31. Ke1 h5 32. Kd2 f5 33. Rb4
Bb3 34. Rxb3 axb3 35. a4 b2 36. Kc2 Kf6 37. a5 g5 38. a6 g4 39. a7 b1=Q+ 40.
Kxb1 Kg5 41. a8=Q Kh4 42. Qd8# 1-0

[Event "4th Budapest Open"]
[Site "Budapest, Hungary"]
[Date "2014.08.19"]
[Round "4.32"]
[White "Birovecz, Ben Jordan"]
[Black "Papp, Andras"]
[Result "1-0"]
[WhiteElo "1410"]
[BlackElo "1421"]
[PlyCount "89"]
[EventDate "2014.??.??"]

1. e4 e5 2. Nf3 Nc6 3. Bc4 Nf6 4. d3 h6 5. c3 d5 6. Bb5 Bd6 7. Qe2 dxe4 8. dxe4
O-O 9. Nbd2 Bd7 10. Nf1 a6 11. Ba4 Qe7 12. Bc2 Na7 13. Ng3 Kh7 14. O-O Rae8 15.
h3 b5 16. Nh4 Ng4 17. Nhf5 Bxf5 18. Nxf5 Qe6 19. Qxg4 Rg8 20. Bb3 Qg6 21. Qxg6+
Kxg6 22. Be3 Nc8 23. f4 Rgf8 24. Bd5 exf4 25. Bxf4 Bc5+ 26. Kh1 Bd6 27. Bxd6
Nxd6 28. Nxd6 cxd6 29. Rf3 f6 30. b3 Re5 31. c4 Rc8 32. Rc1 a5 33. g4 Rc5 34.
Rfc3 b4 35. Rf3 Rg5 36. Ra1 Re5 37. a3 bxa3 38. Rxa3 h5 39. Rf5 hxg4 40. hxg4
Rc8 41. Rxe5 dxe5 42. Be6 Rh8+ 43. Kg2 Rb8 44. c5 Rb4 45. c6 1-0

[Event "4th Budapest Open"]
[Site "Budapest, Hungary"]
[Date "2014.08.19"]
[Round "4.34"]
[White "Mihajlova, Diana"]
[Black "Toth, Nikoletta"]
[Result "0-1"]
[WhiteElo "1492"]
[BlackElo "1193"]
[PlyCount "78"]
[EventDate "2014.??.??"]

1. e4 e5 2. Nf3 Nc6 3. Bc4 Nf6 4. O-O Nxe4 5. Re1 d5 6. Bb5 Bg4 7. d3 Nf6 8.
Rxe5+ Be7 9. Bxc6+ bxc6 10. Bg5 O-O 11. c3 Bd6 12. Re1 c5 13. Nbd2 h6 14. Bh4
c6 15. Qa4 Rb8 16. Bxf6 Qxf6 17. Qxg4 Rxb2 18. c4 Qc3 19. cxd5 cxd5 20. Nf1
Qxd3 21. Nh4 f5 22. Qg6 Qd4 23. Qe6+ Kh7 24. Qxd6 Qxf2+ 25. Kh1 Qxh4 26. Qxf8
Qf2 27. Ne3 f4 28. Qf5+ Kh8 29. Qxd5 fxe3 30. Rf1 Qc2 31. Rac1 e2 32. Rf8+ Kh7
33. Qf5+ Qxf5 34. Rxf5 Rd2 35. Rg1 c4 36. Re5 c3 37. h3 c2 38. Re1 Rd1 39.
R5xe2 c1=Q 0-1

[Event "4th Budapest Open"]
[Site "Budapest, Hungary"]
[Date "2014.08.20"]
[Round "5.1"]
[White "Kormos, Adam"]
[Black "Gal, Tamas"]
[Result "1-0"]
[WhiteElo "2144"]
[BlackElo "2254"]
[PlyCount "65"]
[EventDate "2014.??.??"]

1. e4 c6 2. d4 d5 3. Nd2 g6 4. Ngf3 Bg7 5. h3 Nh6 6. Bd3 O-O 7. O-O Nd7 8. Re1
Nb6 9. Nb3 dxe4 10. Rxe4 Nf5 11. Bd2 Na4 12. Qc1 Be6 13. Ne5 Bd5 14. Rf4 f6 15.
Nf3 Bxf3 16. Rxf3 Nd6 17. c4 b5 18. c5 Nf7 19. Na5 Rc8 20. Nxc6 Rxc6 21. Bxb5
Rc8 22. Bxa4 Qxd4 23. Rf4 Qxc5 24. Qxc5 Rxc5 25. Bb4 Rc7 26. Re1 Ne5 27. Bb3+
Kh8 28. Rd1 h5 29. Bc3 f5 30. Ra4 Nc6 31. Bxg7+ Kxg7 32. Rc1 Rcc8 33. Rac4 1-0

[Event "4th Budapest Open"]
[Site "Budapest, Hungary"]
[Date "2014.08.20"]
[Round "5.2"]
[White "Szabolcsi, Janos"]
[Black "Bodi, Tibor"]
[Result "1/2-1/2"]
[WhiteElo "2324"]
[BlackElo "2165"]
[PlyCount "52"]
[EventDate "2014.??.??"]

1. d4 f5 2. Nf3 Nf6 3. g3 g6 4. Bg2 Bg7 5. O-O O-O 6. c4 d6 7. Nc3 Qe8 8. Re1
e5 9. dxe5 dxe5 10. e4 fxe4 11. Ng5 Nc6 12. Ngxe4 Nxe4 13. Nxe4 Nd4 14. b3 Bf5
15. Ba3 Rf7 16. g4 Bxe4 17. Bxe4 c6 18. Qd3 Qe6 19. h3 Rd8 20. Qg3 Bf8 21. Bxf8
Rdxf8 22. Rad1 Qd6 23. Bd5 cxd5 24. Rxd4 Rxf2 25. Qxe5 Qxe5 26. Rxe5 dxc4
1/2-1/2

[Event "4th Budapest Open"]
[Site "Budapest, Hungary"]
[Date "2014.08.20"]
[Round "5.3"]
[White "Zentai, Peter"]
[Black "Molnar, Laszlo"]
[Result "1/2-1/2"]
[WhiteElo "2236"]
[BlackElo "2067"]
[PlyCount "106"]
[EventDate "2014.??.??"]

1. d4 Nf6 2. c4 g6 3. Nc3 Bg7 4. e4 d6 5. Be2 O-O 6. Nf3 e5 7. O-O Nc6 8. d5
Ne7 9. b4 Nh5 10. g3 f5 11. Ng5 Nf6 12. f3 Kh8 13. b5 c6 14. bxc6 bxc6 15. Kg2
h6 16. Ne6 Bxe6 17. dxe6 d5 18. cxd5 cxd5 19. exd5 Nfxd5 20. Nxd5 Qxd5 21. Qxd5
Nxd5 22. Bc4 Rad8 23. Rd1 Nb6 24. Rxd8 Rxd8 25. Bb5 Nd5 26. Ba3 Bf6 27. Rc1 Kg7
28. Bc6 Ne7 29. Bd7 Nd5 30. Rc5 Be7 31. Rxd5 Bxa3 32. Rxe5 Kf6 33. Rb5 Be7 34.
Kf2 a6 35. Rb7 a5 36. Ke2 Ra8 37. a4 Ra6 38. Rb8 Ra7 39. Rh8 Kg7 40. Re8 Kf6
41. Rg8 Bb4 42. Be8 Rg7 43. Rh8 Kxe6 44. Rxh6 Kf6 45. Kd3 Rg8 46. Bc6 Rd8+ 47.
Kc4 Kg7 48. Rh4 Be7 49. Rd4 Rxd4+ 50. Kxd4 Kf6 51. h4 Bb4 52. g4 fxg4 53. fxg4
Be1 1/2-1/2

[Event "4th Budapest Open"]
[Site "Budapest, Hungary"]
[Date "2014.08.20"]
[Round "5.4"]
[White "Balint, Vilmos"]
[Black "Metaxasz, Vaszilisz"]
[Result "1-0"]
[WhiteElo "2187"]
[BlackElo "2062"]
[PlyCount "51"]
[EventDate "2014.??.??"]

1. Nf3 d5 2. g3 Nf6 3. Bg2 c6 4. O-O Bg4 5. c4 e6 6. Ne5 Bh5 7. cxd5 exd5 8. d4
Nbd7 9. Nd3 Be7 10. Nc3 O-O 11. Nf4 Bg6 12. Nxg6 hxg6 13. a3 a5 14. Qc2 Nb6 15.
Rd1 a4 16. Bg5 Ra5 17. b4 axb3 18. Qxb3 Nfd7 19. Bd2 Qa8 20. a4 Nc4 21. Nxd5
cxd5 22. Bxa5 Nxa5 23. Qxd5 Nf6 24. Qb5 Qa6 25. Rab1 Rb8 26. Qxa6 1-0

[Event "4th Budapest Open"]
[Site "Budapest, Hungary"]
[Date "2014.08.20"]
[Round "5.5"]
[White "Zoldy, Robert"]
[Black "Csala, Imre"]
[Result "0-1"]
[WhiteElo "2029"]
[BlackElo "2175"]
[PlyCount "84"]
[EventDate "2014.??.??"]

1. e4 d6 2. Nc3 e5 3. Nf3 c5 4. Bc4 Nc6 5. d3 Be7 6. Nd5 h6 7. c3 Nf6 8. h3 O-O
9. Ne3 Rb8 10. g4 b5 11. Bb3 Na5 12. Bc2 c4 13. d4 exd4 14. Nxd4 d5 15. e5 Ne4
16. O-O Bc5 17. Nef5 Ng5 18. Kg2 f6 19. Bxg5 fxg5 20. Qd2 Rb6 21. Rad1 b4 22.
Bb1 bxc3 23. bxc3 g6 24. Ne3 Bb7 25. f3 Qe7 26. e6 Qf6 27. Rde1 Rd8 28. Nec2
Bd6 29. Ne3 Bf4 30. Qc2 Kh7 31. Qa4 Bc7 32. Nxd5 Rxd5 33. Qe8 Rxd4 34. cxd4 Ba6
35. Qf7+ Qxf7 36. exf7 Kg7 37. Bxg6 Bd6 38. Re8 Kxg6 39. f8=Q Bxf8 40. Rxf8
Rb2+ 41. Kg3 c3 42. Rc1 c2 0-1

[Event "4th Budapest Open"]
[Site "Budapest, Hungary"]
[Date "2014.08.20"]
[Round "5.6"]
[White "Markos, Adam"]
[Black "Ruck, Robert"]
[Result "1/2-1/2"]
[WhiteElo "2135"]
[BlackElo "2027"]
[PlyCount "67"]
[EventDate "2014.??.??"]

1. c4 e6 2. g3 d5 3. Nf3 Nf6 4. Bg2 Be7 5. O-O O-O 6. b3 c5 7. Bb2 Nc6 8. d3 b6
9. Nbd2 Bb7 10. a3 Qc7 11. Qc2 Rfd8 12. Rac1 d4 13. Ne4 Nxe4 14. dxe4 Bf6 15.
Ne1 e5 16. Nd3 a5 17. Ra1 Bc8 18. Bc1 Be6 19. f4 Ra7 20. f5 Bd7 21. Bf3 Rda8
22. a4 Qd8 23. Kg2 Nb4 24. Nxb4 axb4 25. Rb1 Bc6 26. Qd3 Rd7 27. h4 Qe7 28. Bd2
Kf8 29. Rh1 Ke8 30. Be1 Kd8 31. g4 h6 32. Kh3 Kc7 33. Rg1 g5 34. h5 1/2-1/2

[Event "4th Budapest Open"]
[Site "Budapest, Hungary"]
[Date "2014.08.20"]
[Round "5.7"]
[White "Torok, Tamas Titusz"]
[Black "Mester, Attila"]
[Result "1/2-1/2"]
[WhiteElo "2090"]
[BlackElo "2006"]
[PlyCount "50"]
[EventDate "2014.??.??"]

1. e4 g6 2. d4 Bg7 3. Nc3 d6 4. Nf3 Nf6 5. Be2 O-O 6. h3 e6 7. Be3 a6 8. O-O b6
9. Qd2 Bb7 10. Bg5 Qe8 11. Bd3 d5 12. Bxf6 Bxf6 13. e5 Bg7 14. Ne2 c5 15. c3
Nc6 16. h4 f6 17. h5 fxe5 18. Nxe5 Nxe5 19. dxe5 Bxe5 20. hxg6 hxg6 21. Qh6 Qf7
22. Bxg6 Qg7 23. Qg5 Qf6 24. Qh6 Qg7 25. Qg5 Qf6 1/2-1/2

[Event "4th Budapest Open"]
[Site "Budapest, Hungary"]
[Date "2014.08.20"]
[Round "5.8"]
[White "Bodrogi, Mihaly"]
[Black "Bihari, Mihaly"]
[Result "1-0"]
[WhiteElo "2081"]
[BlackElo "2005"]
[PlyCount "158"]
[EventDate "2014.??.??"]

1. d4 Nf6 2. Nf3 g6 3. Nbd2 d5 4. c4 c6 5. e3 Bg7 6. b4 O-O 7. a4 b6 8. Bb2 Bg4
9. Be2 Ne4 10. Nxe4 dxe4 11. Nd2 Bxe2 12. Qxe2 f5 13. Nb3 Qc7 14. O-O Nd7 15.
Rfd1 Nf6 16. f4 exf3 17. gxf3 e6 18. Rac1 Qe7 19. Bc3 Rad8 20. a5 Rd7 21. axb6
axb6 22. Ra1 Rb7 23. Ra6 Nd7 24. f4 Rc8 25. Qd3 Qh4 26. Qe2 Nf6 27. Rda1 Qg4+
28. Qxg4 Nxg4 29. Ra8 Rbb8 30. Rxb8 Rxb8 31. Bd2 Nf6 32. Ra7 Bf8 33. Kf1 Ne4
34. Be1 c5 35. dxc5 bxc5 36. b5 Bd6 37. Na5 g5 38. Nc6 Re8 39. fxg5 Bxh2 40. b6
Nd6 41. b7 Nxc4 42. Ra8 Kf8 43. Ke2 Nb6 44. b8=Q Bxb8 45. Rxb8 Rxb8 46. Nxb8
Kg7 47. Ba5 Nd5 48. Bd8 h6 49. Nd7 hxg5 50. Bxg5 c4 51. Bf4 Nc3+ 52. Kd2 Ne4+
53. Kc2 c3 54. Be5+ Kg6 55. Kd3 Kg5 56. Nf8 Kg4 57. Nxe6 Nf2+ 58. Kxc3 Kf3 59.
Bf4 Ke4 60. Kd2 Ng4 61. Ke2 Nf6 62. Ng5+ Kd5 63. Kd3 Ng4 64. Bg3 Nf6 65. Nh3
Ne4 66. Nf4+ Kd6 67. Ne2+ Ke6 68. Nd4+ Kf6 69. Bf4 Nc5+ 70. Kc4 Ne4 71. Kd5
Nc3+ 72. Kc6 Ne4 73. Bd6 Nc3 74. Kd7 Ne4 75. Bf4 Nc3 76. Nf3 Ne4 77. Be5+ Kg6
78. Ke7 Nc5 79. Bf4 Nd3 1-0

[Event "4th Budapest Open"]
[Site "Budapest, Hungary"]
[Date "2014.08.20"]
[Round "5.9"]
[White "Bodrogi, Laszlo"]
[Black "Ats, Laszlo Gyorgy"]
[Result "1/2-1/2"]
[WhiteElo "1956"]
[BlackElo "2062"]
[PlyCount "20"]
[EventDate "2014.??.??"]

1. d4 d5 2. c4 c6 3. Nc3 Nf6 4. Bg5 e6 5. e4 dxe4 6. Nxe4 Be7 7. Bxf6 Bxf6 8.
Nxf6+ Qxf6 9. Nf3 O-O 10. Bd3 Nd7 1/2-1/2

[Event "4th Budapest Open"]
[Site "Budapest, Hungary"]
[Date "2014.08.20"]
[Round "5.10"]
[White "Yip, Michael"]
[Black "Lam, Daniel King-wai"]
[Result "1-0"]
[WhiteElo "1916"]
[BlackElo "2114"]
[PlyCount "125"]
[EventDate "2014.??.??"]

1. Nf3 Nf6 2. c4 g6 3. Nc3 Bg7 4. g3 O-O 5. Bg2 d6 6. d4 Nbd7 7. O-O e5 8. e4
a6 9. Re1 exd4 10. Nxd4 Ng4 11. h3 Qf6 12. Nf3 Nge5 13. Nd5 Qd8 14. Ne3 Nc5 15.
Nxe5 dxe5 16. Qxd8 Rxd8 17. Nd5 Ne6 18. Be3 c6 19. Nb6 Rb8 20. c5 Nd4 21. Nxc8
Rbxc8 22. Rac1 h5 23. f3 Kh7 24. h4 Bh6 25. Kf2 Bxe3+ 26. Kxe3 Rc7 27. Kf2 f6
28. Bf1 Rg7 29. Bc4 g5 30. hxg5 fxg5 31. Rh1 Kg6 32. Ke3 Rf8 33. Rcf1 Rd7 34.
Rh2 Rdd8 35. Rg2 Rfe8 36. Rd2 Rf8 37. Rg2 g4 38. f4 Nf3 39. Rc2 Rfe8 40. b3 Rd4
41. fxe5 Rxe5 42. Bd3 Rd8 43. Rc4 Rde8 44. Be2 Ng5 45. Bd3 Ne6 46. Rf5 Nf8 47.
Rxe5 Rxe5 48. Kf4 Kf6 49. b4 Ne6+ 50. Ke3 Kg5 51. Rc1 Kg6 52. Rf1 Ng5 53. Kd4
Re7 54. e5+ Kg7 55. Rf5 Nf3+ 56. Ke4 Kh6 57. Kf4 Rd7 58. Rf6+ Kg7 59. Rd6 Rf7+
60. Bf5 Re7 61. Rd7 Kf8 62. Rxe7 Kxe7 63. Bc8 1-0

[Event "4th Budapest Open"]
[Site "Budapest, Hungary"]
[Date "2014.08.20"]
[Round "5.11"]
[White "Takacs, Kevin"]
[Black "Kokeny, Norbert Adrian"]
[Result "1/2-1/2"]
[WhiteElo "2001"]
[BlackElo "1916"]
[PlyCount "134"]
[EventDate "2014.??.??"]

1. b3 d5 2. Bb2 Nf6 3. e3 c6 4. f4 Bg4 5. Nf3 Nbd7 6. Be2 Bxf3 7. Bxf3 e6 8.
O-O Bd6 9. c4 a5 10. cxd5 exd5 11. Nc3 O-O 12. Qc2 Nc5 13. Rae1 Re8 14. Ne2 Na6
15. Nd4 Nb4 16. Qb1 Ne4 17. Re2 Qd7 18. g3 Bf8 19. a3 Na6 20. d3 Nf6 21. e4
dxe4 22. dxe4 Bc5 23. Rd1 Rad8 24. Kg2 Nc7 25. Ree1 Qc8 26. Nf5 Rxd1 27. Rxd1
Rd8 28. Bxf6 gxf6 29. Bh5 Rxd1 30. Qxd1 Ne6 31. a4 Kf8 32. Qd3 Qd8 33. Qc2 Bb4
34. Nh6 Qd2+ 35. Qxd2 Bxd2 36. Bxf7 Nc5 37. Bc4 Nxe4 38. Nf5 Bb4 39. Nd4 Nd6
40. Bd3 h6 41. Kf3 Bc3 42. Ne2 Bd2 43. Kg4 b5 44. Nd4 bxa4 45. bxa4 Be3 46.
Nxc6 Bb6 47. Kh5 Kg7 48. Ne7 Bg1 49. h3 Bh2 50. Kg4 Bg1 51. Kf3 Bc5 52. Nd5 Nc8
53. Ne3 Nd6 54. g4 Kf7 55. Bc4+ Kg7 56. Bd5 Kg6 57. Nf1 Bb6 58. Ng3 Bc5 59. f5+
Kg5 60. Ne2 h5 61. Nf4 hxg4+ 62. hxg4 Kh6 63. Nh5 Bd4 64. Nf4 Bc5 65. Ne6 Bg1
66. Ke2 Nf7 67. Nf4 Ne5 1/2-1/2

[Event "4th Budapest Open"]
[Site "Budapest, Hungary"]
[Date "2014.08.20"]
[Round "5.12"]
[White "Pakh, Alex"]
[Black "Grigoryan, Meri"]
[Result "0-1"]
[WhiteElo "1883"]
[BlackElo "1996"]
[PlyCount "114"]
[EventDate "2014.??.??"]

1. Nf3 Nc6 2. d4 d5 3. g3 Bf5 4. c3 Nf6 5. Bg2 h6 6. O-O Ne4 7. Nbd2 Ng5 8.
Nxg5 hxg5 9. e4 Be6 10. Nb3 dxe4 11. Bxe4 Bd5 12. Qf3 Bxe4 13. Qxe4 e6 14. Re1
Be7 15. f4 gxf4 16. Bxf4 Qd7 17. Rad1 O-O-O 18. Rd2 Rh5 19. Red1 Rdh8 20. d5
exd5 21. Rxd5 Qg4 22. R1d2 g5 23. Nd4 gxf4 24. Nxc6 Bc5+ 25. Nd4 Rxd5 26. Qxd5
fxg3 27. Qg2 gxh2+ 28. Kh1 Qxg2+ 29. Rxg2 Bxd4 30. cxd4 Kd7 31. Rc2 c6 32. Rf2
Ke6 33. Re2+ Kd6 34. Re5 Rh4 35. Rf5 Ke6 36. Re5+ Kf6 37. Ra5 a6 38. Ra4 c5 39.
a3 Rxd4 40. Ra5 b6 41. Rxa6 Rd1+ 42. Kxh2 Rd2+ 43. Kg3 Rxb2 44. a4 Ke5 45. a5
b5 46. Ra8 Ra2 47. a6 Kd4 48. Kf3 b4 49. a7 Kc3 50. Rc8 Rxa7 51. Rxc5+ Kb2 52.
Ke2 Rd7 53. Rc8 b3 54. Ke3 Kb1 55. Ke2 b2 56. Ke3 Ra7 57. Kd2 Ka1 0-1

[Event "4th Budapest Open"]
[Site "Budapest, Hungary"]
[Date "2014.08.20"]
[Round "5.13"]
[White "Nagy, Aron"]
[Black "Szecsi, Pal"]
[Result "1-0"]
[WhiteElo "2145"]
[BlackElo "1882"]
[PlyCount "89"]
[EventDate "2014.??.??"]

1. d4 Nf6 2. Nf3 g6 3. Bg5 Ne4 4. Bh4 Bg7 5. e3 c5 6. Nbd2 Nxd2 7. Qxd2 O-O 8.
c3 cxd4 9. exd4 Qc7 10. Bd3 Nc6 11. O-O d6 12. d5 Ne5 13. Nxe5 dxe5 14. Qe2 e6
15. Bc4 exd5 16. Bxd5 Re8 17. Qb5 Bd7 18. Qb3 Be6 19. Rad1 Rac8 20. Qxb7 Qxb7
21. Bxb7 Rc7 22. Bd5 f6 23. Bxe6+ Rxe6 24. Rd8+ Kf7 25. Rfd1 Ree7 26. f3 Rb7
27. b3 Rec7 28. c4 Bf8 29. Kf1 a5 30. Bxf6 Kxf6 31. Rxf8+ Ke7 32. Ra8 Ra7 33.
Rdd8 a4 34. Rxa7 Rxa7 35. Rb8 axb3 36. axb3 Kd6 37. b4 Kc7 38. Rb5 Ra4 39. Rxe5
Rxb4 40. Re7+ Kb6 41. Rxh7 Rxc4 42. Rh6 Rc6 43. Kf2 Kc5 44. h4 Kd4 45. Kg3 1-0

[Event "4th Budapest Open"]
[Site "Budapest, Hungary"]
[Date "2014.08.20"]
[Round "5.14"]
[White "Rajcsanyi, Peter"]
[Black "Juhasz, Bela"]
[Result "0-1"]
[WhiteElo "1860"]
[BlackElo "2087"]
[PlyCount "57"]
[EventDate "2014.??.??"]

1. e4 c5 2. Nf3 e6 3. d4 cxd4 4. Nxd4 a6 5. Nc3 Qc7 6. Qf3 Nf6 7. Be2 d6 8. Bg5
Be7 9. O-O-O Nc6 10. Nxc6 bxc6 11. Qg3 Rb8 12. Be3 O-O 13. Bg5 e5 14. Bh6 Ne8
15. Bc4 Kh8 16. Bg5 Nf6 17. h4 Be6 18. Bb3 a5 19. Kb1 Rb4 20. f3 Rfb8 21. Bc1
Qb7 22. Qf2 c5 23. a3 Rb6 24. Na4 Rxb3 25. cxb3 Qxb3 26. Nxc5 dxc5 27. Qe3 Qa2+
28. Kc2 Bb3+ 29. Kc3 0-1

[Event "4th Budapest Open"]
[Site "Budapest, Hungary"]
[Date "2014.08.20"]
[Round "5.15"]
[White "Szecsi, Peter"]
[Black "Antal, Attila Dr"]
[Result "1/2-1/2"]
[WhiteElo "1858"]
[BlackElo "2048"]
[PlyCount "63"]
[EventDate "2014.??.??"]

1. e4 e5 2. Nf3 Nc6 3. Bb5 a6 4. Bxc6 dxc6 5. Nc3 f6 6. d4 exd4 7. Qxd4 Qxd4 8.
Nxd4 c5 9. Nf3 Bg4 10. h3 Bh5 11. a4 b6 12. Bf4 O-O-O 13. O-O g5 14. Be3 Bd6
15. e5 Bxf3 16. exd6 Bb7 17. dxc7 Kxc7 18. f4 h6 19. fxg5 hxg5 20. a5 Bc6 21.
axb6+ Kxb6 22. Rf5 Re8 23. Bxc5+ Kb7 24. Bd4 Rh6 25. Raf1 Bd7 26. Ra5 f5 27.
Re5 Rxe5 28. Bxe5 Ne7 29. Rd1 Bc6 30. Rd6 Rxd6 31. Bxd6 Nd5 32. Nxd5 1/2-1/2

[Event "4th Budapest Open"]
[Site "Budapest, Hungary"]
[Date "2014.08.20"]
[Round "5.16"]
[White "Horvath, Dominik"]
[Black "Liptak, Tibor"]
[Result "1-0"]
[WhiteElo "2004"]
[BlackElo "1827"]
[PlyCount "171"]
[EventDate "2014.??.??"]

1. e4 e5 2. Nf3 Nc6 3. d4 exd4 4. Bc4 Bb4+ 5. c3 dxc3 6. bxc3 Bc5 7. Bxf7+ Kxf7
8. Qd5+ Ke8 9. Qxc5 Qe7 10. Qc4 d6 11. O-O Be6 12. Qb5 Rb8 13. Bg5 Qf7 14. Nbd2
Bd7 15. Qd3 Nge7 16. Nc4 Be6 17. Ne3 Ng6 18. Nd5 Nge5 19. Nxe5 Nxe5 20. Qd4 Nc6
21. Qd2 Kd7 22. c4 h6 23. Bf4 Rhf8 24. Bg3 Rbd8 25. c5 Bxd5 26. exd5 Ne5 27.
Bxe5 dxe5 28. c6+ Kc8 29. Qb4 b6 30. Rad1 Rd6 31. Qa3 a5 32. Qd3 Kd8 33. Qa6
Qf5 34. f3 Qc8 35. Qxc8+ Kxc8 36. Rfe1 Re8 37. f4 e4 38. Rd4 Kd8 39. Kf2 Re7
40. Ke3 g5 41. fxg5 hxg5 42. Rf1 Re5 43. Rf8+ Ke7 44. Rc8 Rdxd5 45. Rxc7+ Kd6
46. Rxd5+ Rxd5 47. Rc8 Rc5 48. Kxe4 b5 49. Kd4 Rc4+ 50. Kd3 Ra4 51. c7 Kd7 52.
Rb8 Kxc7 53. Rxb5 g4 54. Rb2 Kd6 55. Kc3 Kc5 56. Rf2 Ra3+ 57. Kb2 Re3 58. Rf5+
Kb6 59. g3 Re2+ 60. Kb3 Re3+ 61. Kc4 Re4+ 62. Kd3 Ra4 63. Rf2 Kc5 64. Rc2+ Kd5
65. Ke3 Re4+ 66. Kf2 Kd4 67. Kg2 Kd3 68. Rf2 Ke3 69. Rb2 Ra4 70. h3 gxh3+ 71.
Kxh3 Kf3 72. Rb3+ Ke4 73. a3 Kf5 74. Rc3 Kg5 75. g4 Kf4 76. Kh4 Ke5 77. Rf3 Ke6
78. Kh5 Ke5 79. g5 Rc4 80. g6 Rc1 81. g7 Rg1 82. Kh6 Ke4 83. Rf6 Ke5 84. Rf8
Rh1+ 85. Kg6 Rg1+ 86. Kf7 1-0

[Event "4th Budapest Open"]
[Site "Budapest, Hungary"]
[Date "2014.08.20"]
[Round "5.17"]
[White "Abraham, Lajos"]
[Black "Heyl, Thomas"]
[Result "1/2-1/2"]
[WhiteElo "1803"]
[BlackElo "2001"]
[PlyCount "146"]
[EventDate "2014.??.??"]

1. c4 e6 2. e3 d5 3. Nf3 Nf6 4. a3 Be7 5. b3 O-O 6. Bb2 c5 7. d4 cxd4 8. Bxd4
Nc6 9. cxd5 Nxd4 10. exd4 Nxd5 11. Bc4 Qa5+ 12. Nbd2 b5 13. b4 Qd8 14. Bxd5
Qxd5 15. Qb3 Bb7 16. Qxd5 Bxd5 17. Ke2 a5 18. bxa5 Rxa5 19. Rhb1 Rfa8 20. Nb3
Rxa3 21. Rxa3 Rxa3 22. Nfd2 g6 23. f3 Ra2 24. Nc1 Ra5 25. Ncb3 Ra4 26. Nc5 Bg5
27. Nce4 Bxd2 28. Nxd2 Ra2 29. Ke3 Bc4 30. h4 h5 31. g3 Ra3+ 32. Kf4 Rd3 33.
Nxc4 bxc4 34. Ke4 f5+ 35. Ke5 Rb3 36. Rc1 Re3+ 37. Kf4 Rd3 38. Rxc4 Kf7 39. g4
hxg4 40. fxg4 fxg4 41. Kxg4 Kf6 42. h5 gxh5+ 43. Kxh5 Rg3 44. Rc1 Ke7 45. Rd1
Kd6 46. Kh4 Rg6 47. Kh5 Rg2 48. Kh4 Kd5 49. Kh3 Re2 50. Kg3 Ke4 51. Ra1 Kxd4
52. Ra4+ Ke5 53. Kf3 Rh2 54. Ra5+ Kf6 55. Ke3 e5 56. Ra8 Rh3+ 57. Ke4 Rh4+ 58.
Ke3 Ke7 59. Ra6 Rd4 60. Rb6 Rd6 61. Rxd6 Kxd6 62. Ke4 Ke6 63. Ke3 Kd5 64. Kd3
e4+ 65. Ke3 Ke5 66. Ke2 Kf5 67. Ke3 Ke5 68. Ke2 Kf4 69. Kf2 e3+ 70. Ke2 Ke4 71.
Ke1 Kd3 72. Kd1 e2+ 73. Ke1 Ke3 1/2-1/2

[Event "4th Budapest Open"]
[Site "Budapest, Hungary"]
[Date "2014.08.20"]
[Round "5.18"]
[White "Di Giovanni, Vilmos"]
[Black "Gal, Janos"]
[Result "1-0"]
[WhiteElo "1784"]
[BlackElo "1948"]
[PlyCount "159"]
[EventDate "2014.??.??"]

1. d4 Nf6 2. Nf3 d5 3. Bf4 Nc6 4. e3 Nh5 5. Bg3 g6 6. Be2 Bg7 7. Nbd2 Bf5 8. c3
Nxg3 9. hxg3 e5 10. dxe5 Nxe5 11. Nxe5 Bxe5 12. f4 Bg7 13. Qa4+ c6 14. Qb4 b6
15. e4 a5 16. Qa4 b5 17. Qc2 dxe4 18. Nxe4 O-O 19. O-O Qb6+ 20. Kh2 h5 21. Bd3
Rad8 22. Rae1 c5 23. Nf2 Rxd3 24. Nxd3 c4 25. Rf3 Rd8 26. Qf2 Qxf2 27. Nxf2 Rd2
28. Re8+ Kh7 29. b3 Rxa2 30. bxc4 bxc4 31. Ne4 f6 32. Re7 Kg8 33. Re8+ Kh7 34.
Re7 Kh6 35. Re3 Bg4 36. Nd6 Bf8 37. Nf7+ Kg7 38. Rc7 g5 39. Ne5+ Kh6 40. Nxg4+
hxg4 41. Rxc4 gxf4 42. gxf4 a4 43. Kg3 a3 44. Rc8 Kg7 45. Ree8 Bd6 46. Red8 Rd2
47. Kxg4 Kf7 48. Kf5 Rd5+ 49. Ke4 Rd1 50. Ra8 Re1+ 51. Kf5 Be7 52. Rd7 Rb1 53.
Rxe7+ Kxe7 54. Rxa3 Rb5+ 55. Ke4 f5+ 56. Kd4 Rb2 57. g3 Re2 58. c4 Kf7 59. Re3
Rd2+ 60. Kc5 Kg6 61. Re8 Kf7 62. Re3 Kg6 63. Kc6 Kh5 64. c5 Kg4 65. Kc7 Rg2 66.
Kd6 Rd2+ 67. Kc7 Rg2 68. c6 Rxg3 69. Rxg3+ Kxg3 70. Kd6 Kxf4 71. c7 Kg3 72. Ke5
f4 73. c8=Q f3 74. Qg8+ Kh2 75. Qh7+ Kg1 76. Qg6+ Kf1 77. Qd3+ Kg2 78. Qe4 Kg3
79. Qf4+ Kg2 80. Qg4+ 1-0

[Event "4th Budapest Open"]
[Site "Budapest, Hungary"]
[Date "2014.08.20"]
[Round "5.19"]
[White "Kalmar, Karoly"]
[Black "Szlenka, Attila"]
[Result "1-0"]
[WhiteElo "1942"]
[BlackElo "1775"]
[PlyCount "163"]
[EventDate "2014.??.??"]

1. e4 Nf6 2. d3 d6 3. Nf3 c5 4. Be2 Nc6 5. O-O g6 6. Nbd2 Bg7 7. Re1 O-O 8. c3
e5 9. Qc2 Nh5 10. a4 Nf4 11. Bf1 Bg4 12. h3 Be6 13. Nc4 g5 14. Ne3 h5 15. g4
Rc8 16. Nf5 hxg4 17. hxg4 Bxf5 18. exf5 Bf6 19. Bxf4 gxf4 20. Bg2 Re8 21. Re2
Kg7 22. Bh3 Rh8 23. Kg2 Rh7 24. Rh1 Bg5 25. Ree1 Qf6 26. Rh2 Rch8 27. Reh1 Ne7
28. Qe2 b6 29. Re1 Nc8 30. Qe4 Qd8 31. d4 cxd4 32. cxd4 exd4 33. Qxd4+ Qf6 34.
Qd2 Ne7 35. Re4 d5 36. Rd4 Rh6 37. Nxg5 Qxg5 38. Qxf4 Qxf4 39. Rxf4 Kf6 40. Rh1
Nc6 41. Rf3 d4 42. Rd3 Ke5 43. Kg3 Rd8 44. Re1+ Kd5 45. Red1 Kc4 46. Bf1 Kb4
47. Bg2 Kxa4 48. Bxc6+ Rxc6 49. Rxd4+ Rxd4 50. Rxd4+ Kb3 51. g5 a5 52. Rd7 Kxb2
53. Rxf7 a4 54. g6 Rc8 55. Ra7 a3 56. f6 a2 57. Kf4 Rc4+ 58. Kg5 Rc5+ 59. Kh6
Ra5 60. Rxa5 bxa5 61. f7 a1=Q 62. f8=Q Qh1+ 63. Kg7 Qe1 64. Qf6+ Kc2 65. Kf7
Qb4 66. f3 a4 67. g7 Qc4+ 68. Kg6 a3 69. Qf7 Qd3+ 70. Qf5 Qxf5+ 71. Kxf5 a2 72.
g8=Q a1=Q 73. Qc4+ Kd2 74. f4 Qg7 75. Qd5+ Kc2 76. Qe6 Kd3 77. Qf6 Qd7+ 78. Kg5
Ke4 79. Qe5+ Kf3 80. f5 Qd2+ 81. Kg6 Qg2+ 82. Kf7 1-0

[Event "4th Budapest Open"]
[Site "Budapest, Hungary"]
[Date "2014.08.20"]
[Round "5.20"]
[White "Kovacs, Judit"]
[Black "Rinyu, Janos"]
[Result "1/2-1/2"]
[WhiteElo "1729"]
[BlackElo "1896"]
[PlyCount "46"]
[EventDate "2014.??.??"]

1. Nf3 b6 2. g3 Bb7 3. Bg2 c5 4. c4 g6 5. Nc3 Bg7 6. d3 Nf6 7. O-O O-O 8. a3
Nc6 9. Rb1 d6 10. Bd2 a5 11. Ne1 e6 12. Nc2 Rb8 13. b4 Nd7 14. bxc5 dxc5 15.
Nb5 Qe7 16. Bf4 Be5 17. Qd2 Bxf4 18. Qxf4 e5 19. Qd2 Nd4 20. Ne3 Bxg2 21. Kxg2
Nf6 22. Nc3 Rfd8 23. Rb2 Rd6 1/2-1/2